Globalización y desarrollo: desafíos de Puerto Rico frente al siglo XXI
Spremljeno u:
| Glavni autori: | , |
|---|---|
| Daljnji autori: | |
| Format: | Knjiga |
| Jezik: | španjolski |
| Izdano: |
San Juan
Cepal
2005
|
| Serija: | Libros de la Cepal, 84
|
| Teme: | |
| Oznake: |
Dodaj oznaku
Bez oznaka, Budi prvi tko označuje ovaj zapis!
|
MARC
| LEADER | 00000nam a2200000 a 4500 | ||
|---|---|---|---|
| 001 | UCK9929 | ||
| 003 | CL-VaPUC | ||
| 008 | 060609e20050000PR |||||||||||||||||spa|d | ||
| 020 | |a 9213226659 | ||
| 082 | 0 | 4 | |a 303.495 |b MAR |2 21 |
| 100 | |a Martínez Piva, Jorge Mario |e autor |9 499839 | ||
| 700 | |a Máttar, Jorge |e autor |9 597042 | ||
| 700 | 0 | |a Rivera, Pedro |e author |9 499841 | |
| 245 | 1 | 0 | |a Globalización y desarrollo: desafíos de Puerto Rico frente al siglo XXI |
| 300 | |a 341 p | ||
| 942 | |c BK | ||
| 945 | |d 20060609 00:00:00 |a jtorresc | ||
| 260 | |a San Juan |b Cepal |c 2005 | ||
| 650 | 0 | |a Globalización |9 361930 | |
| 650 | 0 | |a Sociedad |9 307903 | |
| 650 | 7 | |a MERCADO MUNDIAL |2 CL-VaPUC |9 393899 | |
| 651 | 7 | |a PUERTO RICO |2 CL-VaPUC |9 254988 | |
| 583 | |a last modification |c 20060609 00:00:00 |k Rodrigo Vera | ||
| 490 | 0 | |a Libros de la Cepal, 84 | |
| 999 | |c 316927 |d 316925 | ||
| 952 | |0 0 |1 0 |4 0 |6 303_495000000000000_MAR_2005 |7 0 |8 A |9 392540 |a BIBGIM |b BIBGIM |d 2019-11-22 |i 4241444 |o 303.495 MAR 2005 |p 4241444 |r 2025-01-15 |w 2019-11-22 |y BK |k GIM | ||